Un pie aquí y otro allá: los migrantes y la crisis de la identidad salvadoreña /
El libro examina la experiencia de los migrantes salvadoreños y su impacto en la identidad y la sociedad salvadoreña. El autor analiza las razones detrás de la migración, las experiencias de los migrantes en los países receptores y cómo esto afecta su sentido de pertenencia e identidad. También se e...
Uloženo v:
| Hlavní autor: | |
|---|---|
| Médium: | Neznámo |
| Jazyk: | Spanish |
| Vydáno: |
El Salvador :
Centro Cultural de España de El Salvador
2009
|
| Témata: | |
| Tagy: |
Přidat tag
Žádné tagy, Buďte první, kdo vytvoří štítek k tomuto záznamu!
|
MARC
| LEADER | 00000 a2200000 04500 | ||
|---|---|---|---|
| 001 | 47709 | ||
| 003 | cru CIDCACS/IIS | ||
| 005 | 20230913150417.0 | ||
| 008 | 050701s2009 es spa d | ||
| 020 | |a 978-99923-67-01-8 | ||
| 040 | |c cru CIDCACS/IIS |a cru CIDCACS/IIS | ||
| 090 | |a 14.07.01 H888p | ||
| 100 | |a Huezo Mixco, Miguel | ||
| 245 | |a Un pie aquí y otro allá: |b los migrantes y la crisis de la identidad salvadoreña / |c Miguel Huezo Mixco | ||
| 260 | |a El Salvador : |b Centro Cultural de España de El Salvador |c 2009 | ||
| 300 | |a 97 páginas : |b tablas, gráficos, fotos | ||
| 520 | |a El libro examina la experiencia de los migrantes salvadoreños y su impacto en la identidad y la sociedad salvadoreña. El autor analiza las razones detrás de la migración, las experiencias de los migrantes en los países receptores y cómo esto afecta su sentido de pertenencia e identidad. También se exploran las implicaciones sociales y culturales de la migración en el contexto de El Salvador. RAR/13/12/2022 | ||
| 650 | 0 | |2 OCDE |9 36 |a MIGRANTES | |
| 650 | 0 | |2 OCDE |9 8567 |a IDENTIDAD SOCIAL | |
| 650 | 4 | |2 OCDE |9 4495 |a MIGRACION INTERNACIONAL | |
| 650 | 0 | |2 OCDE |9 37 |a POLITICA MIGRATORIA | |
| 650 | 0 | |9 632 |a ASPECTOS SOCIALES | |
| 651 | 4 | |2 OCDE |9 1928 |a EL SALVADOR | |
| 942 | |2 z |c LI |h 14.07.01 H888p |i 14471 |6 140701_H888P_14471 | ||
| 999 | |c 16415 |d 16415 | ||



